| 000 | 00845nam a2200265Ia 4500 | ||
|---|---|---|---|
| 003 | GCL | ||
| 008 | 140319s9999 xx 000 0 ara d | ||
| 020 | _a977\5433\61\4 | ||
| 040 |
_aGCL / _cGCL |
||
| 082 | 0 | 4 |
_a126 _bأ إ |
| 100 | 1 | _aاحمد ماهر | |
| 245 | 1 | 0 |
_aادارة الذات / _cاحمد ماهر |
| 260 |
_aالقاهرة : _bالدار الجامعية ، _c2005 |
||
| 300 |
_a136 ص ؛ _c24 سم |
||
| 490 |
_aسلسلة ابن مهاراتك وتدرب على _v0 |
||
| 650 | 0 | 4 | _aالرؤساء والمديرون |
| 650 | 0 | 4 | _aالانا والذات |
| 650 | 0 | 4 | _aالجماعات |
| 650 | 0 | 4 | _aالشخصية - تقييم |
| 650 | 0 | 4 | _aالشخصية - علم نفس |
| 650 | 0 | 4 | _aالشخصانية |
| 650 | 0 | 4 | _aالصفات والذات |
| 650 | 0 | 4 | _aالتفاعلات الذاتية |
| 942 |
_2ddc _cBK |
||
| 999 |
_c9306 _d9306 |
||